Literature, Language and Change. From Chaucer to the Present
Uloženo v:
| Hlavní autor: | |
|---|---|
| Další autoři: | |
| Médium: | Neznámo |
| Jazyk: | angličtina |
| Vydáno: |
London, United Kingdom:
Routledge,
1995
|
| Témata: | |
| Tagy: |
Přidat tag
Žádné tagy, Buďte první, kdo vytvoří štítek k tomuto záznamu!
|
MARC
| LEADER | 00000 a2200000 4500 | ||
|---|---|---|---|
| 003 | CL-VaPUC | ||
| 005 | 20250312142218.0 | ||
| 008 | 220113b1995 ||||| |||| 00| 0 eng d | ||
| 999 | |c 434337 |d 434335 | ||
| 020 | |a 978-0415030885 | ||
| 040 | |c Pontificia Universidad Católica de Valparaíso | ||
| 082 | 7 | |a 820.9 STE 1990 |2 22 | |
| 100 | 1 | |a Stephens, John |9 865785 | |
| 245 | 1 | |a Literature, Language and Change. |b From Chaucer to the Present | |
| 260 | |a London, United Kingdom: |b Routledge, |c 1995 | ||
| 300 | |a 293 páginas | ||
| 583 | |k Cristina María Rojas Aguilar |c 20220113 | ||
| 650 | 0 | |a Lengua inglesa |x Estilo |9 318842 | |
| 650 | 0 | |a Literatura inglesa |9 312907 |z Gran Bretaña | |
| 700 | |a Waterhouse, Ruth |9 865786 | ||
| 942 | |2 ddc |c BK | ||
| 952 | |0 0 |1 0 |2 ddc |4 0 |6 820_900000000000000_STE_1990 |7 0 |8 A |9 580348 |a BIBEDU |b BIBEDU |c GEN |d 2022-01-10 |e 1 |g 10384.00 |i 5634091 |o 820.9 STE 1990 |p 5634091 |r 2022-01-10 |t 1 |v 10384.00 |w 2022-01-10 |y BK |k LIT | ||